Language Quiz

Random Language or Letter Quiz
Score 0/24 Timer 03:00
2 Plays Today
Clue 3-letter Palindrome % Correct
Organ for visioneye
98.7%
Burst a balloonpop
98.5%
Nickname for RobertBob
96.9%
Sister at a conventnun
94.5%
Young dog or sealpup
93.9%
Nautical distress messageS.O.S.
93.7%
Skin art, for shorttat
90.3%
Giggle in a text messageLOL
89.4%
A female 'bro'?sis
88.6%
A failed bombdud
84.9%
Baby mealtime protectorbib
84.6%
Egyptian 'Boy King', for shortTut
83.6%
Clue 3-letter Palindrome % Correct
Job for a bandgig
81.9%
A female sheepewe
81.8%
The opposite of ouinon
80.2%
The night beforeeve
77.6%
A small childtot
73.8%
Inspire awe; interjection of awewow
71.2%
Before, poeticallyere
65.4%
Interjection of discovery!aha/oho
58.6%
Dot on a diepip
51.6%
A round-headed flower; silentmum
46%
A trick; speech preventergag
44%
Brisk energy or vigorpep
41.6%

You're not logged in!

Compare scores with friends on all Sporcle quizzes.
OR
Log In

Sporcle TV

Today on Sporcle TV


Watch our educational content, quiz creation guides, and fun videos on Sporcle TV.

Show Comments

Extras

Top Quizzes Today


Score Distribution

Paid Content

Your Account Isn't Verified!

In order to create a playlist on Sporcle, you need to verify the email address you used during registration. Go to your Sporcle Settings to finish the process.

Report this User

Report this user for behavior that violates our Community Guidelines.

Details: